Gaming Quiz

Random Gaming Quiz

Fnaf characters Quiz Stats

 Plays Quiz not verified by Sporcle

Score 0/24 Timer 10:00
0 Plays Today
Hint Answer % Correct
freddy
95.5%
bonnie
92.5%
chica
89.6%
foxy
88.1%
golden freddy
79.1%
springtrap
59.7%
bb
58.2%
mangle
58.2%
puppet
56.7%
nightmare
47.8%
jj
40.3%
phantom freddy
32.8%
Hint Answer % Correct
nightmare freddy
32.8%
nightmare foxy
31.3%
fredbear
31.3%
phantom chica
29.9%
nightmare bonnie
29.9%
nightmare chica
29.9%
phantom puppet
26.9%
nightmare mangle
22.4%
phone guy
19.4%
tc
16.4%
tf
16.4%
tb
14.9%

You're not logged in!

Compare scores with friends on all Sporcle quizzes.
OR
Log In

Show Comments

Extras

Top Quizzes Today


Score Distribution

Your Account Isn't Verified!

In order to create a playlist on Sporcle, you need to verify the email address you used during registration. Go to your Sporcle Settings to finish the process.

Report this User

Report this user for behavior that violates our Community Guidelines.

Details: